header

Chicago made (Record no. 526)

MARC details
000 -LEADER
fixed length control field 01468nam a2200361Ia 4500
082 04 - DEWEY DECIMAL CLASSIFICATION NUMBER
Classification number 338.977311009/034
100 1# - MAIN ENTRY--AUTHOR NAME
Personal name Lewis, Robert D.,
245 10 - TITLE STATEMENT
Title Chicago made
260 ## - PUBLICATION, DISTRIBUTION, ETC. (IMPRINT)
Place of publication Chicago :
Name of publisher University of Chicago Press,
Year of publication 2008.
300 ## - PHYSICAL DESCRIPTION
Number of Pages xii, 351 p. :
Other physical details ill., maps.
490 1# - SERIES STATEMENT
Series statement Historical studies of urban America
650 #0 - SUBJECT ADDED ENTRY--TOPICAL TERM
Topical Term Industrial districts
Topical Term Industrialization
Topical Term Urbanization
856 40 - ELECTRONIC LOCATION AND ACCESS
Uniform Resource Identifier http://site.ebrary.com/lib/rucke/Doc?id=10288698

No items available.

© 2026 Rongo University
Contact us: librarian | system librarian | Rongo university